[Event "83rd ESP-ch Women-ch 2018"]
[Site "Linares"]
[Date "2018.08.21"]
[Round "2"]
[White "Perez Candelario, Manuel"]
[Black "Domingo Nunez, Ruben"]
[Result "1-0"]
[WhiteElo "2611"]
[BlackElo "2318"]
[Annotator "TA"]
[PlyCount "69"]
[EventDate "2018.08.09"]
[EventType "tourn"]
[EventCountry "ESP"]
[SourceTitle "playchess.com"]
[Source "ChessBase"]
[SourceQuality "1"]

{[%evp 19,69,25,26,12,49,47,45,54,72,63,71,65,111,122,170,168,173,72,93,86,226,244,412,212,606,557,891,921,1146,1162,1137,1121,1150,1150,1150,1150,1132,1133,1139,1139,1077,1112,1102,1102,1077,1077,1021,991,1141,1144,1043,1037]} 1. e4 e6 2. d4 d5 3. Nc3 Nf6 4. Bg5 Be7 5. e5 Nfd7 6. h4 h6 7. Bxe7 Qxe7 8. Qd2 {C14: French: Classical System: 4 Bg5 Be7 main line} (8. f4 a6 9. Nf3 c5 10. dxc5 Nc6 11. a3 O-O 12. Qd2 f6 13. exf6 Qxf6 14. g3 Nxc5 15. O-O-O d4 16. Nxd4 Rd8 17. Nce2 e5 18. fxe5 Nxe5 19. Qf4 Qxf4+ 20. gxf4 Ng4 {½-½ (20) Istratescu,A (2602)-Baklan,V (2621) Calimanesti Caciulata 2016}) 8... a6 9. f4 c5 10. Nf3 Nc6 {LiveBook: 9 Games} 11. Ne2 cxd4 12. Nexd4 O-O $146 ({Predecessor:} 12... Nxd4) 13. O-O-O Nc5 14. Qe3 Bd7 15. g4 Ne4 16. Bd3 Nb4 17. Kb1 Rac8 18. a3 ({Don't take} 18. Bxe4 $6 dxe4 19. Qxe4 Nd5 $16) (18. f5 $18 {has better winning chances.}) 18... Nxd3 $16 19. cxd3 Nc5 (19... Nc3+ $16 20. bxc3 Rxc3) 20. f5 $18 Kh7 $2 {[#]} (20... exf5 {might work better.} 21. gxf5 Kh7) 21. Rdf1 (21. f6 $142 $1 {[%mdl 512]} Qd8 (21... gxf6 22. g5) 22. Rdg1) 21... f6 $2 (21... exf5 22. gxf5 Bb5) 22. exf6 {White is clearly winning.} Rxf6 23. g5 Rff8 {[#]} 24. f6 $1 {[%mdl 512]} gxf6 {[#]} 25. g6+ $1 {[%mdl 512]} Kxg6 26. Rhg1+ Kf7 {[#]} 27. Nf5 $1 {[%mdl 512]} exf5 {[#]} 28. Rg7+ $1 {[%mdl 512]} Kxg7 29. Qxe7+ Kh8 30. Rg1 {[%csl Gg1][%cal Re7g7]} Rg8 31. Qxf6+ Kh7 32. Qe7+ Kh8 33. Rxg8+ Kxg8 34. Ne5 {Threatening mate with Qf7+.} Be8 35. b4 {Precision: White = 77%, Black = 19%.} 1-0

[Event "83rd ESP-ch Women-ch 2018"]
[Site "Linares"]
[Date "2018.08.21"]
[Round "2"]
[White "Del Rio de Angelis, Salvador Gabriel"]
[Black "Balbuena Fuentes, Mario"]
[Result "1-0"]
[WhiteElo "2525"]
[BlackElo "2306"]
[Annotator "TA"]
[PlyCount "77"]
[EventDate "2018.08.09"]
[EventType "tourn"]
[EventCountry "ESP"]
[SourceTitle "playchess.com"]
[Source "ChessBase"]
[SourceQuality "1"]

{[%evp 17,77,12,12,27,24,32,49,46,35,41,32,27,107,110,113,112,110,100,111,110,104,97,113,107,156,112,122,120,170,149,163,153,240,245,227,184,165,157,227,220,270,281,296,266,271,260,256,252,262,257,394,393,392,319,633,619,628,636,637,619,29967,3841]} 1. d4 e6 2. c4 Nf6 3. Nc3 Bb4 4. Nf3 c5 5. g3 Bxc3+ 6. bxc3 Qa5 {E20: Nimzoindisch (Seltene Züge)} 7. Bd2 b6 8. Bg2 Bb7 9. O-O O-O {LiveBook: 26 Partien} 10. Re1 (10. d5 Qa6 11. Re1 Ne4 12. Qb3 d6 13. Ng5 Nxg5 14. Bxg5 {1-0 (34) Edouard,R (2639)-Idani,P (2560) Guilan 2016 CBM 174 [Edouard,R]}) 10... Be4 11. Bf1 $146 ({Vorgänger:} 11. d5 exd5 12. cxd5 c4 13. d6 Nc6 14. Qc1 {½-½ (41) Roselli Mailhe,B (2417)-Lopez Falcon,J (2131) San Jose de Mayo 2015}) 11... h6 12. Nh4 d6 13. f3 Bh7 14. e4 e5 (14... Qa3 $11 {hält das Gleichgewicht.}) 15. d5 $16 Nbd7 {[%cal Bb8d7,Bd7f8,Bf8g6,Bg6e7][%mdl 32]} 16. Bd3 Rfe8 17. Kh1 Nf8 18. Rg1 Rad8 19. a4 Ng6 20. Nf5 Ne7 21. Ne3 Rf8 22. Qc2 Nh5 23. Raf1 Qa6 {[#]} 24. f4 $1 {[%cal Bf3f4,Bf4f5][%mdl 32]} Qc8 (24... exf4 $16 25. gxf4 Kh8) 25. f5 $18 Kh8 26. Ng2 Nf6 27. Qd1 Ne8 (27... Nxe4 $16 28. Bxe4 Nxf5 29. Bxf5 Bxf5) 28. g4 f6 29. h4 Ng8 30. g5 fxg5 31. hxg5 hxg5 32. Bxg5 Ngf6 33. Nh4 {[%cal Bg2h4,Bh4f3,Bf3g5,Bg5h7][%mdl 32]} Qd7 (33... Kg8 $142 34. Rf2 Qd7) 34. Rf2 Kg8 35. Rh2 Qf7 $2 {[#]} (35... Kf7 36. Nf3 Bg8) 36. Nf3 Kh8 37. Bc1 Nc7 38. Ng5 Qe7 39. Nxh7 {Precision: Weiß = 83%, Schwarz = 32%.} 1-0

[Event "83rd ESP-ch Women-ch 2018"]
[Site "Linares"]
[Date "2018.08.21"]
[Round "2"]
[White "Asis Gargatagli, Hipolito"]
[Black "Galiana Fernandez, Adrian"]
[Result "1-0"]
[WhiteElo "2515"]
[BlackElo "2291"]
[Annotator "TA"]
[PlyCount "39"]
[EventDate "2018.08.09"]
[EventType "tourn"]
[EventCountry "ESP"]
[SourceTitle "playchess.com"]
[Source "ChessBase"]
[SourceQuality "1"]

{[%evp 16,39,18,7,62,45,84,36,302,301,296,311,287,304,452,439,546,542,531,535,559,545,480,373,1064,1060]} 1. e4 c5 2. Nf3 d6 3. d4 cxd4 4. Nxd4 Nf6 5. Nc3 a6 6. Be3 e6 7. f3 b5 8. Qd2 Nbd7 9. a3 {LiveBook: 17 Games. B80: Sicilian Scheveningen: 6 g3 and 6 Be3, including English Attack} (9. g4 b4 10. Nd1 h6 11. c4 bxc3 12. Nxc3 Bb7 13. h4 d5 14. Rg1 dxe4 15. g5 hxg5 16. hxg5 Nd5 17. g6 Nxe3 18. gxf7+ Kxf7 19. Qxe3 {0-1 (30) Aronian,L (2767)-Grischuk,A (2766) Saint Louis 2018}) 9... Qc7 (9... Bb7 $11) 10. O-O-O Rb8 11. Kb1 {White is better.} d5 $146 {[%mdl 8192] [#]} (11... h5 $14) ({Predecessor:} 11... Ne5 12. Be2 Nc4 13. Bxc4 bxc4 14. Ka2 Bd7 15. g4 Bc6 16. Nxc6 Qxc6 {½-½ (49) Anilkumar,A (1582)-Evans,C (1766) London 2012}) 12. exd5 $18 b4 13. axb4 Bxb4 14. Nc6 Bxc3 (14... O-O {was worth a try.} 15. Nxb8 Nxb8) 15. Qxc3 Nxd5 16. Rxd5 exd5 17. Qxg7 Qxc6 18. Qxh8+ Ke7 19. Bd3 ({Don't take} 19. Bg5+ f6 $18) 19... Qb7 $2 {[#]} (19... Qf6 20. Qxf6+ Nxf6) 20. Re1 1-0

[Event "83rd ESP-ch Women-ch 2018"]
[Site "Linares"]
[Date "2018.08.21"]
[Round "2"]
[White "Cuenca Jimenez, Jose Fernando"]
[Black "Moral Garcia, Serafin"]
[Result "1-0"]
[WhiteElo "2506"]
[BlackElo "2287"]
[Annotator "TA"]
[PlyCount "59"]
[EventDate "2018.08.09"]
[EventType "tourn"]
[EventCountry "ESP"]
[SourceTitle "playchess.com"]
[Source "ChessBase"]
[SourceQuality "1"]

{[%evp 19,59,46,57,59,67,67,68,71,62,70,121,95,124,113,168,154,291,287,282,274,274,280,289,272,375,366,345,239,241,232,228,230,237,201,195,197,394,401,462,451,521,474]} 1. Nf3 Nf6 2. c4 g6 3. Nc3 Bg7 4. e4 d6 5. d4 O-O 6. Be2 c5 7. O-O Bg4 8. d5 e6 9. dxe6 {E91: Königsindisch (Klassisches System)} Bxe6 10. Bf4 Qb6 {LiveBook: 7 Partien} 11. Qc2 $146 {Weiß steht etwas besser.} ({Vorgänger:} 11. Qb3 Qc6 12. Rad1 Nxe4 13. Nxe4 Qxe4 14. Bxd6 Re8 15. Rfe1 Qc6 16. Ne5 Qa6 {½-½ (28) Gerzhoy,L (2496)-Gareyev,T (2610) Philadelphia 2011}) 11... Rd8 12. Rad1 Nc6 13. Rxd6 Rxd6 14. Bxd6 Nb4 ({Lieber} 14... Nd7 $14) 15. Qd2 $16 Rd8 16. e5 Ne8 (16... Na6 $16 17. exf6 Rxd6) 17. Na4 $1 $18 {[%csl LRb6,LRc5]} Qa5 (17... Qc6 $16) 18. Nxc5 Nxd6 19. Nxe6 fxe6 20. exd6 Qc5 21. Rd1 Nc6 {[#]} 22. b4 $1 Nxb4 (22... Qxb4 23. Qxb4) 23. Ng5 Bh6 24. Nxe6 Bxd2 25. Nxc5 Rxd6 26. Nxb7 Rd4 27. c5 {[%cal Bc4c5,Bc5c6,Bc6c7][%mdl 32]} Bc3 $2 {[#]} (27... Nd5) 28. Rc1 Bd2 29. c6 Nd5 (29... Bxc1 $2 {verliert.} 30. c7) 30. c7 {Precision: Weiß = 95%, Schwarz = 41%.} 1-0

[Event "83rd ESP-ch Women-ch 2018"]
[Site "Linares"]
[Date "2018.08.21"]
[Round "2"]
[White "Espinosa Aranda, Angel"]
[Black "Jimenez Bernal, Francisco"]
[Result "1-0"]
[WhiteElo "2451"]
[BlackElo "2250"]
[Annotator "TA"]
[PlyCount "109"]
[EventDate "2018.08.09"]
[EventType "tourn"]
[EventCountry "ESP"]
[SourceTitle "playchess.com"]
[Source "ChessBase"]
[SourceQuality "1"]

{[%evp 12,109,18,0,0,13,35,18,30,30,32,29,25,11,8,0,14,12,58,6,6,6,6,7,8,13,13,10,13,10,11,9,10,0,0,0,0,0,0,0,0,0,0,0,9,0,0,0,4,0,51,55,85,22,44,22,65,44,52,22,22,0,0,0,0,0,0,0,0,0,0,0,0,0,0,0,0,0,0,0,174,174,2261,2428,1684,1388,29975,29974,29972,29977,29968,29969,29983,29984,29987,29988,29990,29991,29991,29992]} 1. e4 c5 2. Nf3 d6 3. Nc3 Nf6 4. e5 dxe5 5. Nxe5 a6 6. g3 {B50: Sicilian: 2...d6, Miscellaneous} Nbd7 (6... Qc7 7. d4 cxd4 8. Qxd4 Nc6 9. Nxc6 Qxc6 10. Bg5 e6 11. Bxf6 gxf6 12. Qxf6 Rg8 13. O-O-O Be7 {½-½ (98) Artemiev,V (2691)-Mamedov,R (2709) Huaian 2017}) 7. d4 {LiveBook: 11 Games} cxd4 (7... e6 $5 {[%cal Rc5d4]}) 8. Qxd4 {The position is equal.} Nxe5 9. Qxe5 e6 10. Bg2 Bd6 11. Qd4 $146 ({Predecessor:} 11. Qe2 O-O 12. Bg5 Be7 13. O-O Qb6 {½-½ (21) Ruefenacht,M (2387)-Helbich,J (2452) ICCF email 2006}) 11... Qc7 12. Bg5 Be5 13. Qb4 Bd7 14. O-O-O Rc8 (14... Bc6 {is more complex.} 15. Bxf6 Bxf6 16. Bxc6+ Qxc6 17. Ne4 Be7) 15. Bxf6 ({But not} 15. Bxb7 $2 a5 $19) (15. Rd3 $14) 15... Bxf6 $11 16. Qxb7 Bxc3 17. bxc3 Bb5 $132 {[%mdl 2048] Black is not keeping still} 18. Qxc7 Rxc7 19. Rd4 Ke7 20. a4 Bd7 21. Rhd1 Rhc8 22. R1d3 Be8 23. Kd2 a5 24. Re3 Rc4 25. f4 g6 26. Bf3 Rxd4+ 27. cxd4 Bxa4 28. Rc3 Rxc3 29. Kxc3 {[%mdl 4096] Endgame KB-KB} Kd6 30. Kd3 f6 (30... Bc6 $11 31. Bd1 h6) 31. c4 $14 h6 32. h4 (32. Be4 $16) 32... Bd7 33. Kc3 Be8 34. Kb3 g5 35. fxg5 (35. c5+ {keeps more tension.} Kc7 36. Be2 Bc6 37. Bc4 Bd7 38. Bd3) 35... fxg5 36. hxg5 hxg5 37. Be4 Kc7 38. Ka3 Bd7 39. Bc2 Bc6 40. Bd1 Kd6 41. Bb3 Ke7 42. Ba4 Bf3 43. Bb5 {Threatens to win with Ka4.} Bd1 44. c5 Kd8 45. Bc4 Ke7 $2 {[#]} (45... Kd7 $11 {and Black has nothing to worry.}) 46. Bb3 $1 $18 {[%cal Rb3d1]} Bf3 $2 (46... Bg4 47. Ka4 Kd7) 47. Ka4 Kf6 48. Kxa5 e5 49. d5 {[%cal Bd4d5,Bd5d6][%mdl 32] White mates.} e4 50. d6 e3 51. Bc4 Bd5 52. Be2 Kf7 53. Kb6 Ke8 54. Kc7 Be6 55. c6 {Precision: White = 63%, Black = 49%.} 1-0

[Event "83rd ESP-ch Women-ch 2018"]
[Site "Linares"]
[Date "2018.08.21"]
[Round "2"]
[White "Moreno Ruiz, Javier"]
[Black "Tudela Corbalan, Carlos"]
[Result "1-0"]
[WhiteElo "2450"]
[BlackElo "2246"]
[Annotator "TA"]
[PlyCount "67"]
[EventDate "2018.08.09"]
[EventType "tourn"]
[EventCountry "ESP"]
[SourceTitle "playchess.com"]
[Source "ChessBase"]
[SourceQuality "1"]

{[%evp 18,67,26,24,39,36,111,106,87,72,80,43,43,32,48,65,53,47,60,42,98,102,82,81,98,105,165,151,152,35,54,0,146,153,203,170,194,170,169,162,235,208,336,282,692,688,614,466,635,580,573,562]} 1. d4 f5 2. Nc3 d5 3. Bf4 a6 4. e3 Nf6 5. Nf3 e6 6. Bd3 {A80: Dutch Defence: Unusual White second moves} c5 7. dxc5 Bxc5 8. O-O O-O (8... Nc6 9. Ne2 Qe7 10. Ned4 Bd7 11. c4 {½-½ (55) Shimanov,A (2641)-Carlsen,M (2834) chess.com INT 2018}) 9. Ne2 Nc6 10. c4 {LiveBook: 11 Games} Kh8 11. Rc1 Bd6 $146 (11... Qe7 $14) ({Predecessor:} 11... Ba7 12. cxd5 Nxd5 {½-½ (22) Konaplev,A (2147)-Jasny,S (2384) Sunny Beach 2015}) 12. cxd5 $16 Nxd5 13. Bxd6 Qxd6 14. e4 Nf6 15. exf5 exf5 16. Bc4 Qxd1 17. Rfxd1 Bd7 18. Ng5 {[%cal Bf3g5,Bg5f7,Bf7d6][%mdl 32] [#] Strongly threatening Nf7+.} h6 (18... g6 $14) 19. Nf7+ Kh7 20. Nd6 b5 21. Bb3 g6 (21... Ra7 $16 {was necessary.}) 22. Nf4 $18 {Threatens to win with Be6.} Ra7 23. Bf7 (23. h4 $16) 23... Ne5 $14 24. Bb3 (24. Bd5 $1 $14) 24... Ne4 (24... Nc6 $1 $11) 25. f3 $16 Nf6 26. Re1 Nc6 27. Bf7 g5 28. Ne6 $36 {[%mdl 2048] White is really pushing.} Rb8 (28... Bxe6 $142 29. Bxe6 Ne7 30. Nxf5 Re8) 29. Nc5 Nd8 (29... Rd8 $142 30. Bb3 Bc8) 30. Bb3 Rb6 $2 {[#]} (30... Bc8 31. Bc2 Kh8) 31. Re7+ $18 {White is clearly winning.} Kg6 32. Nc8 Nc6 33. Rxd7 ({Less strong is} 33. Nxb6 Nxe7 34. Re1 (34. Nbxd7 Nxd7 35. Nd3 Kf6 $11) 34... Be8 $18) 33... Nxd7 34. Nxd7 {Precision: White = 62%, Black = 28%.} 1-0

[Event "83rd ESP-ch Women-ch 2018"]
[Site "Linares"]
[Date "2018.08.21"]
[Round "2"]
[White "Cruz Lledo, Pablo"]
[Black "Carretero Ortiz, Francisco"]
[Result "1-0"]
[WhiteElo "2432"]
[BlackElo "2241"]
[Annotator "TA"]
[PlyCount "77"]
[EventDate "2018.08.09"]
[EventType "tourn"]
[EventCountry "ESP"]
[SourceTitle "playchess.com"]
[Source "ChessBase"]
[SourceQuality "1"]

{[%evp 9,77,47,63,52,100,91,92,85,130,101,89,83,129,112,127,132,122,96,122,90,93,91,79,89,93,88,93,98,95,89,106,49,42,42,50,35,180,163,166,177,171,169,213,116,155,150,211,186,234,234,351,325,360,355,345,344,307,308,448,432,873,772,2554,463,1521,1433,29980,29981,29980,29981]} 1. d4 d6 2. Nf3 Nd7 3. c4 e5 4. Nc3 Be7 (4... c6 5. e4 Ngf6 6. Be2 Be7 7. O-O a5 8. Re1 O-O 9. Bf1 Re8 10. b3 Qc7 11. h3 Nf8 12. Be3 Ng6 13. d5 Nd7 14. a3 c5 15. Rb1 {1-0 (35) Navara,D (2725)-Plat,V (2532) Tallinn 2016}) 5. g3 f5 6. dxe5 {A41: 1 d4 d6: Tartakower System and Modern Defence} dxe5 {[#]} 7. Bh3 $146 ({Predecessor:} 7. Bg2 Ngf6 8. e4 fxe4 9. Ng5 Nc5 10. Qxd8+ Bxd8 11. Ngxe4 Nfxe4 12. Nxe4 Nxe4 13. Bxe4 {1-0 (45) Czerwonski,A (2400)-Steffens,O (2325) Germany 1996}) 7... g6 8. e4 {White is better.} Nc5 9. Qxd8+ (9. Nxe5 $6 Qxd1+ 10. Kxd1 fxe4 $14) 9... Bxd8 10. exf5 e4 {[#]} 11. fxg6 $1 hxg6 12. Bxc8 exf3 13. Bg4 {[%cal Bc8g4,Bg4e6,Be6d5,Bd5f3][%mdl 32]} Nd3+ 14. Kf1 Ne5 15. Be6 Ke7 16. Bd5 {And now Bf4 would win.} c6 17. Bf4 $36 {[%mdl 2048] Black is under strong pressure.} Nd3 18. Bxf3 {Hoping for Bd2.} Nxf4 19. gxf4 Bc7 20. Rg1 (20. Re1+ $16 Kf7 21. Ne4) 20... Kf7 $14 21. Rd1 Nf6 22. Be4 Nxe4 ({Black should play} 22... Rag8 $14) 23. Rd7+ $18 (23. Nxe4 $6 Rad8 $16) 23... Ke6 24. Rxc7 Nxc3 25. bxc3 Rxh2 26. Rxg6+ {[%mdl 4096] Endgame KRR-KRR} Kf5 27. Rg3 Rd8 (27... Rb8 $16 28. Rf7+ Ke6) 28. Ke2 {Black must now prevent Rf7+.} (28. Rxb7 Rd2 $14) 28... Re8+ 29. Re3 Rxe3+ (29... Re4 $142 30. Rxe4 Kxe4 31. Rxb7 Kxf4 32. Rxa7 Ke5) 30. Kxe3 {KR-KR} Rh3+ 31. Kd4 b6 32. Rxc6 ({Less strong is} 32. Rxa7 Rf3 $18) 32... Rf3 33. Rc7 a5 (33... Ke6 {is a better defense.} 34. Ke4 (34. Rxa7 Rxf4+ 35. Ke3 Rxc4 $18) 34... Rxc3 35. f5+ (35. Rxa7 Rxc4+ 36. Kf3 Kf5 $16) 35... Kf6 36. Rc6+ (36. Rxa7 Rxc4+ 37. Kd3 Rb4 $16) 36... Ke7) 34. c5 {[%cal Bc4c5,Bc5c6][%mdl 32]} b5 (34... bxc5+ $142 35. Rxc5+ Kf6) 35. Rb7 Rxf2 36. Rxb5 (36. c6 $142 {Threatens to win with c7.} Ke6 37. Kc5) 36... Rd2+ (36... Ke6 $142 37. Rb6+ Kd7) 37. Kc4 Rxa2 38. c6+ Ke6 39. Rc5 {Precision: White = 79%, Black = 26%.} 1-0

[Event "83rd ESP-ch Women-ch 2018"]
[Site "Linares"]
[Date "2018.08.21"]
[Round "2"]
[White "Garza Marco, Sergio"]
[Black "Silva Rodriguez, Fernando"]
[Result "1-0"]
[WhiteElo "2414"]
[BlackElo "2239"]
[Annotator "TA"]
[PlyCount "59"]
[EventDate "2018.08.09"]
[EventType "tourn"]
[EventCountry "ESP"]
[SourceTitle "playchess.com"]
[Source "ChessBase"]
[SourceQuality "1"]

{[%evp 21,59,20,10,20,9,8,10,14,12,8,21,13,14,15,27,29,24,0,75,65,78,3,5,10,12,4,81,91,156,124,108,120,257,273,262,247,424,405,391,384]} 1. c4 e6 2. Nf3 d5 3. g3 Nf6 4. Bg2 d4 5. O-O c5 6. d3 Nc6 7. e3 {A09: Réti Opening: 1 Nf3 d5 2 c4} Bd6 8. exd4 cxd4 9. Bg5 h6 10. Bxf6 Qxf6 11. Nbd2 Qe7 {LiveBook: 33 Games} 12. a3 a5 13. Ne4 Bc7 14. b4 axb4 15. axb4 Rxa1 16. Qxa1 Qxb4 {[#]} 17. Rb1 $146 Qe7 18. Nxd4 O-O 19. Nb5 Rd8 (19... Be5 $1 $11 {keeps the balance.} 20. Qa8 f5) 20. d4 $16 b6 21. d5 (21. Nxc7 $16 Qxc7 22. d5) 21... Be5 $11 22. Qa4 Nd4 23. f4 Bf6 (23... Nxb5 $11 {remains equal.} 24. fxe5 exd5 25. cxd5 (25. Qxb5 dxe4 26. Bxe4 Bb7 $15) 25... Bd7) 24. d6 Qe8 (24... Qd7 $142) 25. Nxf6+ gxf6 26. Qa3 $36 {[%mdl 2048] Keeping Black busy.} e5 {[#]} (26... Nf5 $16) 27. Nc7 $1 $18 {[%csl LRb6,LRe8][%cal Rc7e8,Bb5c7,Bc7d5,Bd5e7][%mdl 32]} Qd7 28. Nd5 ({Don't do} 28. Rxb6 $6 Qf5 $18) 28... Qxd6 $2 (28... Kh8 {was called for.} 29. fxe5 (29. Nxf6 Qe6 $16) 29... Qf5 30. Rxb6 Ne2+ 31. Kh1 Qxe5) 29. Qxd6 Rxd6 30. Ne7+ {Precision: White = 79%, Black = 47%.} 1-0

[Event "83rd ESP-ch Women-ch 2018"]
[Site "Linares"]
[Date "2018.08.21"]
[Round "2"]
[White "Merario Alarcon, Andres"]
[Black "Alvarez Serrano, Carlos"]
[Result "1/2-1/2"]
[WhiteElo "2406"]
[BlackElo "2225"]
[Annotator "TA"]
[PlyCount "59"]
[EventDate "2018.08.09"]
[EventType "tourn"]
[EventCountry "ESP"]
[SourceTitle "playchess.com"]
[Source "ChessBase"]
[SourceQuality "1"]

{[%evp 32,59,23,22,27,0,24,31,41,0,0,0,0,0,0,0,0,0,0,-4,0,0,0,0,0,0,0,0,0,0]} 1. d4 Nf6 2. c4 e6 3. Nf3 d5 4. Nc3 dxc4 5. e4 Bb4 6. Bg5 c5 7. Bxc4 cxd4 8. Nxd4 Bxc3+ 9. bxc3 Qa5 10. Bb5+ Nbd7 11. Bxf6 Qxc3+ 12. Kf1 gxf6 13. h4 a6 14. Rh3 {D39: Damengambit (Ragosin-Verteidigung)} Qb4 15. Be2 Ne5 16. Rb1 Qd6 17. Rc3 {LiveBook: 6 Partien} b5 (17... O-O 18. Qd2 Ng6 19. h5 Nf4 20. Qe3 e5 21. Nc2 {½-½ (33) Grischuk,A (2766)-Karjakin,S (2773) Saint Louis 2018}) 18. Qc2 Bd7 $146 ({Vorgänger:} 18... Bb7 19. Rd1 Qb6 20. Qb3 Rd8 21. Qb4 Rd6 {½-½ (31) Lobanov,A (2366)-Legemaat,G (2237) ICCF email 2014}) 19. Rd1 {[#] Schwarz muss nun Sxb5 beachten.} Qb6 $1 20. f4 Nc4 {Die Stellung ist ausgeglichen.} 21. Bxc4 bxc4 22. Rxc4 O-O 23. Nc6 Bxc6 24. Rxc6 Qe3 25. f5 Qf4+ 26. Kg1 Qe3+ 27. Kf1 Qf4+ 28. Kg1 Qe3+ 29. Kf1 Qf4+ 30. Kg1 1/2-1/2

[Event "83rd ESP-ch Women-ch 2018"]
[Site "Linares"]
[Date "2018.08.21"]
[Round "2"]
[White "Teran Alvarez, Ismael"]
[Black "Diaz Castro, Ismael"]
[Result "1-0"]
[WhiteElo "2377"]
[BlackElo "2212"]
[Annotator "TA"]
[PlyCount "55"]
[EventDate "2018.08.09"]
[EventType "tourn"]
[EventCountry "ESP"]
[SourceTitle "playchess.com"]
[Source "ChessBase"]
[SourceQuality "1"]

{[%evp 21,55,27,25,17,47,18,22,0,0,-30,-16,-28,-6,-7,-6,-14,0,-22,0,0,0,0,5,0,169,175,190,183,188,99,304,305,304,306,481,481]} 1. Nf3 Nf6 2. g3 g6 3. Bg2 Bg7 4. O-O O-O 5. c4 d6 6. d4 c6 7. Nc3 Bf5 8. Ne1 Be6 9. d5 {E62: King's Indian: Fianchetto: 6...c6 and Panno Variation (6...Nc6) without ...a6} cxd5 10. cxd5 Bd7 11. Nd3 (11. Be3 a5 12. Bd4 Na6 13. Nd3 b5 14. a3 b4 15. axb4 Nxb4 16. Qd2 Rb8 17. Nxb4 Rxb4 {0-1 (57) Ding,L (2774)-Carlsen,M (2837) Saint Louis 2017}) 11... Na6 {LiveBook: 21 Games} 12. Bf4 Nc7 $146 ({Predecessor:} 12... b5 13. a3 Rc8 14. Rc1 Qb6 15. b4 Rc4 16. Nb2 Rc7 {1-0 (79) Laznicka,V (2656)-Suran,J (2412) Czech Republic 2018}) 13. Qb3 a5 14. a4 b5 15. axb5 Nxb5 16. Nxb5 Rb8 17. Bd2 Rxb5 18. Qa2 {[%cal Rd2a5]} Qa8 {[%cal Rf6d5]} 19. Nb4 Rfb8 (19... Ng4 {with more complications.} 20. Rfb1 Ne5 21. Bc3 Rc8 22. Nc2 Rbc5) 20. Nc6 Rxb2 21. Qxa5 Qxa5 22. Bxa5 Bxc6 $2 {[#]} (22... Re8 $1 $11 {and Black is okay.}) 23. dxc6 $18 {[%cal Bd5c6,Bc6c7][%mdl 32] Threatens to win with c7.} d5 24. c7 $36 {[%mdl 2048] White is in control.} Rc8 25. Rab1 (25. Rfc1 $18) 25... Nd7 $2 (25... Ne8 $16) 26. Rxb2 Bxb2 27. Bxd5 {[#] Bb7 is the strong threat.} Be5 (27... Nc5 {keeps fighting.} 28. f4 Na6) 28. Rc1 {Precision: White = 31%, Black = 47%.} 1-0

[Event "83rd ESP-ch Women-ch 2018"]
[Site "Linares"]
[Date "2018.08.21"]
[Round "2"]
[White "Ayats Llobera, Gerard"]
[Black "Porta Tovar, Guillem"]
[Result "1-0"]
[WhiteElo "2345"]
[BlackElo "2166"]
[Annotator "TA"]
[PlyCount "47"]
[EventDate "2018.08.09"]
[EventType "tourn"]
[EventCountry "ESP"]
[SourceTitle "playchess.com"]
[Source "ChessBase"]
[SourceQuality "1"]

{[%evp 10,47,0,-4,14,20,25,19,26,29,62,0,75,59,94,89,118,100,98,111,167,177,179,164,350,274,281,243,210,146,467,465,1345,1312,29990,29991,29991,475,29992,29993]} 1. e4 c5 2. Nc3 d6 3. d4 cxd4 4. Qxd4 Nc6 5. Qd2 Nf6 6. b3 {LiveBook: 15 Games. B23: Closed Sicilian: Lines without g3} e5 7. Bb2 Be6 $146 ({Predecessor:} 7... Be7 8. g3 O-O 9. Bg2 Nd4 10. Nge2 Nxe2 11. Qxe2 {1-0 (41) Fedoseev,V (2706)-Najer,E (2667) Sochi 2018}) 8. O-O-O {White has an edge.} Be7 9. Kb1 O-O 10. Nge2 (10. f4 $14) 10... Qb6 (10... Ng4 $11 11. Ng1 f5 12. exf5 Bxf5) 11. Ng3 $16 Rfd8 12. Nd5 Bxd5 13. exd5 Nb4 14. Bc4 a5 ({Don't blunder} 14... Qa5 $2 15. a3 $18) (14... Bf8 $16 {was worth a try.}) 15. a3 Na6 16. f4 {And now Nf5 would win.} Ng4 $2 {[#]} (16... a4 {keeps fighting.}) 17. Rde1 Bh4 18. fxe5 Nxe5 19. Re4 ({Don't play} 19. Bxe5 $6 dxe5 20. Rxe5 a4 $16) 19... Bxg3 $2 {[%mdl 8192]} (19... Be7 $16 {is tougher.}) 20. hxg3 $18 Ng6 {[#]} (20... h6 $142 21. Bxe5 dxe5) 21. Bxg7 $1 {[%mdl 512] Intending Qh6 and mate.} Kxg7 22. Qh6+ Kg8 23. Qxh7+ Kf8 24. Rf1 {Precision: White = 93%, Black = 22%.} 1-0